|
|
|
|
| LEADER |
01034nam a2200265 a 4500 |
| 001 |
3775265 |
| 008 |
091027s1980 sz bs i000 0 eng d |
| 010 |
|
|
|a 83151000
|
| 020 |
|
|
|a 9221023168 (pbk.)
|
| 040 |
|
|
|a DLC
|c DLC
|d DLC
|
| 082 |
0 |
0 |
|a 338.9549/3
|2 19
|
| 100 |
1 |
|
|a Richards, P. J.
|q (Peter J.)
|
| 245 |
1 |
0 |
|a Basic needs, poverty, and government policies in Sri Lanka /
|c Peter Richards and Wilbert Gooneratne.
|
| 260 |
|
|
|a Geneva :
|b International Labour Office,
|c 1980
|g (1981 printing)
|
| 300 |
|
|
|a 176 p. ;
|c 24 cm.
|
| 490 |
0 |
|
|a A WEP study
|
| 504 |
|
|
|a Includes bibliographical references.
|
| 541 |
1 |
|
|e 00000078
|
| 650 |
|
0 |
|a Basic needs
|z Sri Lanka.
|
| 651 |
|
0 |
|a Sri Lanka
|x Economic conditions.
|
| 651 |
|
0 |
|a Sri Lanka
|x Economic policy.
|
| 700 |
1 |
|
|a Gooneratne, Wilbert,
|d 1938-
|
| 852 |
4 |
|
|a Ayesha Abed Library
|j General Shelf
|
| 999 |
|
|
|c 5365
|d 5365
|
| 952 |
|
|
|0 0
|1 0
|2 ddc
|4 0
|6 338_954930000000000_RIC_1980
|7 0
|9 5226
|a BRACUL
|b BRACUL
|c GEN
|d 2009-11-10
|g 158.00
|l 0
|o 338.95493 RIC
|p 3010000078
|r 2016-08-30
|t 1
|v 316.00
|w 2009-11-10
|y BK
|